Online Catalogue and eLibrary

Buddhist remains in Andhra and the history of Andhra (Record no. 3426)

MARC details
000 -LEADER
fixed length control field 00471nam a2200169Ia 4500
005 - DATE AND TIME OF LATEST TRANSACTION
control field 20250109051611.0
008 - FIXED-LENGTH DATA ELEMENTS--GENERAL INFORMATION
fixed length control field 240331s9999 xx 000 0 und d
020 ## - INTERNATIONAL STANDARD BOOK NUMBER
ISBN 812060444X
082 ## - DDC Classification
Item Number - Author Mark Sub
Class No. 934
100 ## - MAIN ENTRY--PERSONAL NAME
Personal name Subramanian, K.R
245 #0 - TITLE STATEMENT
Title Buddhist remains in Andhra and the history of Andhra
Remainder of title between 225 & 610 A.D.
260 ## - PUBLICATION, DISTRIBUTION, ETC.
Place of publication, distribution, etc. New Delhi
Name of publisher, distributor, etc. Asian Educational Services
Date of publication, distribution, etc. 1932
300 ## - PHYSICAL DESCRIPTION
Extent (e.g. Volumes, Pages etc.) XXV, 186 p .,
650 ## - SUBJECT ADDED ENTRY--TOPICAL TERM
Topical term or geographic name entry element Buddhism
650 ## - SUBJECT ADDED ENTRY--TOPICAL TERM
Topical term or geographic name entry element History
942 ## - Koha item type (Biblio)
Koha item type Books in Stacks (Lending)
Holdings
Lost status Damaged status Collection code Home library Current library Shelving location Date acquired Full call number Accession Number Item type
    Lending WERC Library WERC Library Social Science Cupboard 03/31/2024 934 Sub 545 Books in Stacks (Lending)

© WERC Library